Science News 22 (Record no. 586191)
[ view plain ]
| 000 -LEADER | |
|---|---|
| fixed length control field | 00323nam a2200145Ia 4500 |
| 008 - FIXED-LENGTH DATA ELEMENTS--GENERAL INFORMATION | |
| fixed length control field | 100415s9999 xx 000 0 und d |
| 082 ## - DEWEY DECIMAL CLASSIFICATION NUMBER | |
| Item number | 3202 |
| Classification number | 500 |
| 100 ## - MAIN ENTRY--PERSONAL NAME | |
| Personal name | Haslett AW (ed.) |
| 245 ## - TITLE STATEMENT | |
| Title | Science News 22 |
| 260 ## - PUBLICATION, DISTRIBUTION, ETC. (IMPRINT) | |
| Date of publication, distribution, etc | 0 |
| 365 ## - TRADE PRICE | |
| Price amount | 0 |
| 630 ## - SUBJECT ADDED ENTRY--UNIFORM TITLE | |
| Uniform title | Science News 22 |
| 730 ## - ADDED ENTRY--UNIFORM TITLE | |
| Uniform title | Science News 22 |
| 942 ## - ADDED ENTRY ELEMENTS (KOHA) | |
| Koha item type | Book |
| Withdrawn status | Lost status | Damaged status | Not for loan | Home library | Current library | Date acquired | Cost, normal purchase price | Total Checkouts | Full call number | Barcode | Date last seen | Price effective from | Koha item type |
|---|---|---|---|---|---|---|---|---|---|---|---|---|---|
| Bombay Natural History Society | Bombay Natural History Society | 08/29/1997 | 0.00 | 500 3202 | BNHS-3202 | 04/15/2010 | 04/15/2010 | Book |